00756cam a22002774a 4500001000700000003000900007005001700016007000700033008003200040010000600072020001800078035000600096040002300102050000900125082002600134100003600160240002900196245005300225250000600278260003200284300002100316500007200337650002300409650002400432650002200456 87077DO-SdBNP20231121122804.0 87077091022s2009 sp 000 1 spa  a  a9788420422756 a  aBPMSUbspac BPMSU00a b  4a863.6bC845c 20092221 aCotrina, José Antonio,d1972-10aEl ciclo de la luna roja13aLa cosecha de Samhein /cJosé Antonio Cotrina. a  aMadrid :bAlfaguara,c2009. a429 p. ;c23 cm. a Incluye datos biográficos del autor en la solapa de la cubierta  4aNovela española. 4aNovela fantástica 4aVampiros vNovela